00735 2200265 4500001002100000005001700021008004100038020002200079035002500101040001200126082001400138084001600152100003000168245006600198260002800264300003700292500001100329504003000340650001200370650002100382850001200403990001800415990001800433990001800451INLIS00000000000543720150825094237.0  a978-602-258-107-9 a0010-051500000000570 aYOPDYOG 223a179.1 a179.1 Muh M aMUHAMMAD Ridwan Alimuddin aMengapa kita [belum] cinta laut?c/ Muhammad Ridwan Alimuddin aYogyakartabOmbakc2013 axvi, 188 hlm.b: Ilus.c; 23 cm. aIndeks aBibliografi: hlm. 180-184 aSamudra aLingkungan Hidup aYOPDYOG a12627-PD/B.15 a12628-PD/B.15 a12629-PD/B.15